01551ctm a2200361 a 4500001001300000003000400013005001700017008004100034010001700075040001800092043001200110050001500122110003700137245008900174246003100263260001000294300007600304500001600380500014700396500028500543510004500828561000800873650002500881610003700906650003700943650002300980700001801003700005101021710005401072730001301126730003301139999001701172med47000741 DLC20260227111600.0810625s1933 xx af 000 0 ger  amed47000741  aDLCcDLCdDLC ae-gx---00aRM130b.B52 aBiochemischer Bund Deutschlands.14aDer Biobund im nationalen Deutschland /cvon Bundespräsident Walter Hayn, Potsdam.14aDeutsche Volksheilbewegung c1933. a36 p., [11] leaves of plates ([1] folded) :bill. (some col.) ;c30 cm. aTypescript. a"Die deutsche Volksheilbewegung : der Biobund in national-sozialistischen Deutschland. Dem Kanzler des neuen Deutschland Adolf Hitler"--Cover. aIssues of two journals: "Der Berater, offizielles Organ des Verbandes biochemischer Berater e.V. Potsdam, 3. Jahrg., Heft 6, 1933" (p. 123-144) and "Zeitschrift für Biochemie, volkstümliches Fachorgan für Mineralstoffe. 32. Jahrg., Nummer 5, Mai 1933" (p. [67]-80) inserted.4 aGassert & Mattern. Hitler library,c384 5DLC 0aMedicine, Biochemic.20aBiochemischer Bund Deutschlands. 0aNational socialism and medicine. 0aMedicinezGermany.1 aHayn, Walter.1 aHitler, Adolf,d1889-1945,eformer owner.5DLC2 aThird Reich Collection (Library of Congress)5DLC0 aBerater.0 aZeitschrift für Biochemie. c38163d38163